Một số ứng dụng của phép biến đổi PH trong tài chính : Luận văn thạc sĩ. Chuyên ngành Lý thuyết xác suất và thống kê toán học

Khảo sát, nghiên cứu một số ứng dụng của phép biến đổi PH trong quản lý tài chính

Gorde:
Xehetasun bibliografikoak
Egile nagusia: Nguyễn, Thanh Tân
Formatua: Liburua
Hizkuntza:Undetermined
Argitaratua: Cần Thơ Trường Đại học Cần Thơ 2016
Gaiak:
Etiketak: Etiketa erantsi
Etiketarik gabe, Izan zaitez lehena erregistro honi etiketa jartzen!
Thư viện lưu trữ: Trung tâm Học liệu Trường Đại học Cần Thơ
LEADER 01006nam a2200229Ia 4500
001 CTU_211807
008 210402s9999 xx 000 0 und d
082 |a 322.015192 
082 |b T121 
088 |a 60460106 
100 |a Nguyễn, Thanh Tân 
245 0 |a Một số ứng dụng của phép biến đổi PH trong tài chính : 
245 0 |b Luận văn thạc sĩ. Chuyên ngành Lý thuyết xác suất và thống kê toán học 
245 0 |c Nguyễn Thanh Tân ; Trần Duy Hiến (Cán bộ hướng dẫn) 
260 |a Cần Thơ 
260 |b Trường Đại học Cần Thơ 
260 |c 2016 
520 |a Khảo sát, nghiên cứu một số ứng dụng của phép biến đổi PH trong quản lý tài chính 
650 |a Quản lý rủi ro,Risk management 
650 |x Mô hình toán,Mathematical models 
904 |i Nguyên 
980 |a Trung tâm Học liệu Trường Đại học Cần Thơ